Wszystkie mecze reprezentacji Polski za kadencji Michniewicza - Statystyki

Ogólne statystyki
  • Ten quiz został rozwiązany 461 razy
  • Średni wynik to 12 z 13
Statystyki odpowiedzi
Rozgrywki Wynik Reprezentacja % Poprawnych
Mistrzostwa świata 1-3 Francja
98%
Mistrzostwa świata 2-0 Arabia Saudyjska
97%
Mistrzostwa świata 0-2 Argentyna
97%
Mistrzostwa świata 0-0 Meksyk
97%
Baraż do Mistrzostw Świata 2-0 Szwecja
96%
Liga Narodów 2-2 Holandia
94%
Liga Narodów 0-2 Holandia
94%
Liga Narodów 1-6 Belgia
91%
Liga Narodów 0-1 Belgia
91%
Liga Narodów 2-1 Walia
83%
Liga Narodów 1-0 Walia
83%
Mecz towarzyski 1-0 Chile
68%
Mecz towarzyski 1-1 Szkocja
68%
Nie znaleziono quizów pasujących do podanych kryteriów
Rozkład punktacji
Procent ludzi z każdym wynikiem
Percentyl według liczby udzielonych odpowiedzi
Twoja historia wyników
Nie rozwiązałeś tego quizu